Basic financial accounting for the hospitality industry / (Record no. 4169)
[ view plain ]
| 000 -LEADER | |
|---|---|
| fixed length control field | 00892cac a22002171u 4500 |
| 090 ## - LOCALLY ASSIGNED LC-TYPE CALL NUMBER (OCLC); LOCAL CALL NUMBER (OCLC) | |
| -- | 4169 |
| 008 - FIXED-LENGTH DATA ELEMENTS--GENERAL INFORMATION | |
| fixed length control field | 081215t 1982xxu||||| |||| 00| 0 eng d |
| 010 ## - LIBRARY OF CONGRESS CONTROL NUMBER | |
| LC control number | 82013865 |
| 020 ## - INTERNATIONAL STANDARD BOOK NUMBER | |
| International Standard Book Number | 0866120106 |
| 082 00 - DEWEY DECIMAL CLASSIFICATION NUMBER | |
| Classification number | 657.837 |
| Item number | FAY |
| 100 ## - MAIN ENTRY--PERSONAL NAME | |
| Personal name | Fay, Clifford T. |
| 245 10 - TITLE STATEMENT | |
| Title | Basic financial accounting for the hospitality industry / |
| Statement of responsibility, etc | Clifford T. Fay, Jr. Raymond S. Schmidgall, Stanley B. Tarr. |
| 260 ## - PUBLICATION, DISTRIBUTION, ETC. (IMPRINT) | |
| Place of publication, distribution, etc | East Lansing, Mich. : |
| Name of publisher, distributor, etc | Educational Institute of the American Hotel & Motel Association, |
| Date of publication, distribution, etc | c1982. |
| 300 ## - PHYSICAL DESCRIPTION | |
| Extent | x, 237 p. : |
| Other physical details | ill. ; |
| Dimensions | 29 cm. |
| 500 ## - GENERAL NOTE | |
| General note | Includes index. |
| 650 #0 - SUBJECT ADDED ENTRY--TOPICAL TERM | |
| Topical term or geographic name as entry element | Hospitality industry |
| General subdivision | Accounting. |
| 700 1# - ADDED ENTRY--PERSONAL NAME | |
| Personal name | Schmidgall, Raymond S., |
| Dates associated with a name | 1945- |
| 700 1# - ADDED ENTRY--PERSONAL NAME | |
| Personal name | Tarr, Stanley B. |
| 942 ## - ADDED ENTRY ELEMENTS (KOHA) | |
| Item type | Book - Borrowing |
| Call number prefix | 657.837FAY |
| Source of classification or shelving scheme | Dewey Decimal Classification |
| Withdrawn status | Item status | Source of classification or shelving scheme | Damaged status | Not for loan | Home library | Current library | Shelving location | Date acquired | Source of acquisition | Total Checkouts | Full call number | Barcode | Date last seen | Koha item type |
|---|---|---|---|---|---|---|---|---|---|---|---|---|---|---|
| Dewey Decimal Classification | Central Library | Central Library | First floor | 23/08/2007 | Purchase | 657.837 FAY | 000000263 | 15/07/2025 | Book - Borrowing |